000 00294nam a22001337a 4500
008 181025b xxu||||| |||| 00| 0 eng d
020 _a0443081786
041 _aeng
080 _a631
100 _a45
101 _aFIZ
245 _aThe Physician Book Lists
_cDavid.M.M
942 _2udc
_cBK
999 _c50940
_d50940